| 000 | 01005nam a2200277Ia 4500 | ||
|---|---|---|---|
| 001 | dia_1885 | ||
| 003 | CHAP | ||
| 005 | 20251023171011.0 | ||
| 008 | 220117s1998 xx 000 0 und d | ||
| 010 | _a172422 | ||
| 040 | _cCHAP | ||
| 082 | _a630.83 M47 | ||
| 110 | _aMéxico. Secretaría de Agricultura, Ganadería y Desarrollo Rural. | ||
| 245 |
_aAnuario Estadístico de la Producción Agricola de los Estados Unidos Mexicanos por Cultivo / _c por Secretaría de Agricultura , Ganadería y Desarrllo Rural. |
||
| 260 |
_aMéxico, D.F. Centro Estadístico Agropecuario. _c1998 |
||
| 300 | _a753 p | ||
| 650 |
_aAgricultura México. _9151767 |
||
| 650 |
_aAgricultura _xestadística. _9147080 |
||
| 650 |
_aAgricultura _xestadistica _xMéxico. _9145595 |
||
| 650 |
_aCultivos _xestadística. _9151768 |
||
| 650 |
_aCultivos _xrendimiento. _930318 |
||
| 901 | _a630.83 M47 | ||
| 902 | _aM | ||
| 905 | _a0000001998 MEXX 0000000000ESP00 | ||
| 942 |
_cLIBRO _2ddc |
||
| 999 |
_c172422 _d172422 |
||